उंबराचं फूल (Record no. 403190)

MARC details
000 -LEADER
fixed length control field 00449nam a2200145Ia 4500
008 - FIXED-LENGTH DATA ELEMENTS--GENERAL INFORMATION
fixed length control field 100122s9999 xx 000 0 und d
082 ## - DEWEY DECIMAL CLASSIFICATION NUMBER
Item number 11971
Classification number 823
100 ## - MAIN ENTRY--PERSONAL NAME
Personal name अग्निहोत्री अ शं
245 ## - TITLE STATEMENT
Title उंबराचं फूल
260 ## - PUBLICATION, DISTRIBUTION, ETC. (IMPRINT)
Name of publisher, distributor, etc श्रीराम प्रकाशन
Date of publication, distribution, etc 1962
300 ## - PHYSICAL DESCRIPTION
Extent 152
630 ## - SUBJECT ADDED ENTRY--UNIFORM TITLE
Uniform title उंबराचं फूल
730 ## - ADDED ENTRY--UNIFORM TITLE
Uniform title उंबराचं फूल
942 ## - ADDED ENTRY ELEMENTS (KOHA)
Koha item type Book

No items available.